000 01510nam0a2200349 4500
001 RU\NLR\bibl\56078
005 20250616085806.0
010 _a5-7525-0441-4
010 _a5-7525-0721-9
_92000
021 _aRU
_b99-35274
_91737
035 _a(NLR Aleph) 000054686
090 _a294935
_c294935
100 _a19991101d1999 |||y0rusy50 ca
101 1 _arus
_ceng
102 _aRU
105 _ay |||||||||
200 1 _aАллегории чтения
_eФигуральный язык Руссо, Ницше, Рильке и Пруста
_fПоль де Ман
_gПер. с англ., [послесл. и примеч.] Сергея Никитина
210 _aЕкатеринбург
_cИзд-во Урал. ун-та
_d1999
215 _a367 c.
_d20
225 1 _aStudia humanitatis
_fОтв. ред. В.В. Харитонов
_vT. 4
300 _aЗагл. и авт. ориг.: Allegories of reading: Figural lang. in Rousseau, Nitzsche, Rilke , a. Proust/ Paul de Man
320 _aУказ. имен: с. 364-367
454 0 _12001#$aAllegories of reading$eFigural lang. in Rousseau, Nietzsche, Rilke, a. Proust
_tAllegories of reading
606 0 _aЗарубежная литература
_xЯзык и стиль
_92072277
_3RU\NLR\auth\661247111
686 _aШ5(0)-357
700 1 _aМан
_bП. де
_f1919-1983
_gПоль де
_4070
801 0 _aRU
_bNLR
_c19991101
_gPSBO
801 1 _aRU
_bNLR
_c19991101
852 _aNLR
_j99-3/13482
942 _cBOOK
980 _aNB